| 000 | 00551nam a22001697a 4500 | ||
|---|---|---|---|
| 001 | 000001472 | ||
| 005 | 20200929145605.0 | ||
| 008 | 790502s1976 ve 000 0 spa | ||
| 040 |
_aDO-SdBNP _cspa _dBNPHU |
||
| 082 |
_a861 _bB641 |
||
| 100 | 1 |
_aBlanco, Andrés Eloy, _d1898-1955. _93991 |
|
| 245 | 1 | 0 |
_aCanto a España : _bmarzo 1923 / _cAndrés Eloy Blanco. |
| 260 |
_aCaracas, Venezuela : _bCongreso de la República, _c1976. |
||
| 300 |
_a19 p. ; _c22 cm. |
||
| 500 | _aA 50 años del canto a España | ||
| 650 | 0 |
_aCivilization, hispanic _xPoetry. _94868 |
|
| 999 |
_c1380 _d1380 |
||